000 01122nam a22002657a 4500
005 20101004145520.0
008 101004t xxu||||| |||| 00| 0 Mar d
010 _aMAR-20339
020 _c50.00
035 _aMR-12997
037 _bDBAD / PUB
040 _aDPL
_bMR
082 _a891.46301
100 _922747
_aपाटील,बापू यशवन्त
245 _aतांबडं सोनं /
_cबापू यशवंत पाटील
246 _aTambade Sone
_bbyBapu Yashwant Patil
260 _aठाणे
_bबाळ प्रकाशन
_c2009
270 _aमु पो सापगाव,ता.शहापूर
_bठाणे
_e421601
300 _axii,84पृ
_c21 सेमी ( अजिल्द)
650 _922871
_aमराठी कथासंग्रह
650 _922872
_aMarathi Short Stories
700 _922873
942 _2ddc
_cMR
_mपाटील
_h891.46301
999 _c48226
_d48226